| 000 | 00699 a2200217 4500 | ||
|---|---|---|---|
| 001 | 45964 | ||
| 005 | 20260407155732.0 | ||
| 008 | 260407a1994 arg spa d | ||
| 003 | AR-UNSa-BCEJYS | ||
| 040 |
_aAR-UNSa-BCEJYS _bspa _cAR-UNSa-BCEJYS |
||
| 080 |
_a004.4:519.2*T _xSoftware EstadÃstico (Stars) |
||
| 245 | 1 | 0 |
_aStars versión 3.0 _pworld development indicators 1994 |
| 020 | _a0-8213-2577-9 | ||
| 264 | 1 |
_aWashington : _bThe World Bank _c1994 |
|
| 300 |
_a39 p. _c23 cm. |
||
| 041 | _aspa | ||
| 942 | _cBK | ||
| 590 | _aniveau_biblio:m niveau_hierar:0 | ||
| 100 | 1 | _aWorld Bank | |
| 856 | 4 | 1 |
_uhttps://www.biblioeco.unsa.edu.ar/pmb/images/libros/L127254.jpg _yImagen de portada _qimage/jpeg |
| 999 |
_c4093 _d4093 |
||